Chuyện vặt ông Pickwick = Picwick papers
Na minha lista:
| Autor principal: | |
|---|---|
| Formato: | Livro |
| Idioma: | Undetermined |
| Publicado em: |
Tp. HCM
Văn Nghệ
1997
|
| Assuntos: | |
| Tags: |
Adicionar Tag
Sem tags, seja o primeiro a adicionar uma tag!
|
| Thư viện lưu trữ: | Trung tâm Học liệu Trường Đại học Cần Thơ |
|---|
| LEADER | 00537nam a2200181Ia 4500 | ||
|---|---|---|---|
| 001 | CTU_35645 | ||
| 008 | 210402s9999 xx 000 0 und d | ||
| 082 | |a 823.8 | ||
| 082 | |b D548c | ||
| 100 | |a Charles Dickens | ||
| 245 | 0 | |a Chuyện vặt ông Pickwick | |
| 245 | 0 | |b = Picwick papers | |
| 245 | 0 | |c Charles Dickens, Phạm Đăng Phụng | |
| 260 | |a Tp. HCM | ||
| 260 | |b Văn Nghệ | ||
| 260 | |c 1997 | ||
| 650 | |a english fiction ( vietnamese ) - 19th century | ||
| 980 | |a Trung tâm Học liệu Trường Đại học Cần Thơ | ||